Normal view
MARC view
Entry Personal Name
001 - CONTROL NUMBER
- control field: 22724
003 - CONTROL NUMBER IDENTIFIER
- control field: ARRUPE
005 - DATE AND TIME OF LATEST TRANSACTION
- control field: 20160303122832.0
008 - FIXED-LENGTH DATA ELEMENTS
- fixed length control field: 160303|| aca||aabn | a|a d
040 ## - CATALOGING SOURCE
- Original cataloging agency: ARRUPE
- Transcribing agency: ARRUPE
100 ## - HEADING--PERSONAL NAME
- Personal name: Brown, Raymond E.
- Dates associated with a name: 1928-1998.
670 ## - SOURCE DATA FOUND
- Source citation: Work cat.: (ARRUPE)0: Brown, Raymond E. 1928-1998., Christ in the Gospels of the ordinary Sundays :, c1998.